El Problema de las carreteras en Cataluña / Servicio de Estudios en Barcelona, Banco Urquijo

Publicat: Barcelona : Sociedad de Estudios y Publicaciones , 1964
Descripció física: 88 p. : quadres ; 23 cm

MARC

LEADER 00000nam a2200000Ia 4500
001 19261
008 160829s1964 xx 000 0 cat d
080 |a C-2-518 
110 2 |a Banco Urquijo.  |b Servicio de Estudios en Barcelona  |9 55567 
245 |a El Problema de las carreteras en Cataluña / Servicio de Estudios en Barcelona, Banco Urquijo 
260 |a Barcelona :  |b Sociedad de Estudios y Publicaciones,  |c 1964 
300 |a 88 p. :  |b  quadres ;  |c 23 cm 
650 |a Transport per carretera  |x Catalunya   |9 43238 
650 |a Catalunya  |x Aspectes econòmics  |9 43239 
901 |a Arxiu 
942 |n 1 
952 |0 0  |1 0  |4 0  |6 C2518  |7 1  |9 51296  |a Arxiu  |b Arxiu  |d 2016-12-01  |l 0  |o C-2-518  |p 19261  |r 2016-12-01 00:00:00  |w 2016-12-01  |y ARXIU 
999 |c 55140  |d 55140